[Event "Milan Crespi op-C 35th"]
[Site "Milan"]
[Date "2014.12.07"]
[Round "5"]
[White "Mouflih, Caesar Faycal"]
[Black "Bonassi, Tommaso"]
[Result "1-0"]
[WhiteElo "2023"]
[BlackElo "1981"]
[PlyCount "59"]
[EventDate "2014.12.04"]
[EventType "swiss"]
[EventRounds "7"]
[EventCountry "ITA"]
[SourceTitle "EXT 2017"]
[Source "ChessBase"]
[SourceDate "2016.10.25"]
[SourceVersion "1"]
[SourceVersionDate "2016.10.25"]
[SourceQuality "1"]

1. e4 c5 2. Nf3 d6 3. d4 cxd4 4. Nxd4 Nf6 5. f3 g6 6. Be3 Bg7 7. Bb5+ Nbd7 8. Qd2 a6 9. Bxd7+ Bxd7 10. a4 Rc8 11. Nc3 h5 12. 0-0 Bc6 13. Rfd1 Nd7 14. Nce2 Ne5 15. b3 h4 16. h3 Bd7 17. c4 Rb8 18. Rac1 b6 19. Nc3 Rh5 20. Nd5 Nc6 21. Nxc6 Bxc6 22. Nb4 Qc8 23. Bd4 Bxd4+ 24. Qxd4 Kf8 25. Nd5 Be8 26. Nxe7 Qc5 27. Nd5 Qxd4+ 28. Rxd4 b5 29. cxb5 axb5 30. a5 1-0

[Event "Milan Crespi op-C 35th"]
[Site "Milan"]
[Date "2014.12.05"]
[Round "2"]
[White "Bisignano, Giuseppe"]
[Black "Mouflih, Caesar Faycal"]
[Result "0-1"]
[WhiteElo "1850"]
[BlackElo "2023"]
[PlyCount "100"]
[EventDate "2014.12.04"]
[EventType "swiss"]
[EventRounds "7"]
[EventCountry "ITA"]
[SourceTitle "EXT 2017"]
[Source "ChessBase"]
[SourceDate "2016.10.25"]
[SourceVersion "1"]
[SourceVersionDate "2016.10.25"]
[SourceQuality "1"]

1. e4 e5 2. Nf3 Nc6 3. Bc4 d6 4. d4 exd4 5. Nxd4 Bd7 6. 0-0 g6 7. Nc3 Bg7 8. Be3 Nge7 9. f4 0-0 10. Qd2 a6 11. a4 Kh8 12. f5 Ne5 13. Be2 Ng8 14. fxg6 fxg6 15. Rxf8 Qxf8 16. Rf1 Qe8 17. Bg5 Bxa4 18. Nxa4 Qxa4 19. b4 Qd7 20. c3 Rf8 21. Rxf8 Bxf8 22. Qa2 Be7 23. Bf4 Nf6 24. Bf3 Nxf3+ 25. gxf3 c5 26. Ne6 d5 27. Ng5 Nh5 28. Nf7+ Kg7 29. Ne5 Qd8 30. Bh6+ Kg8 31. exd5 Qd6 32. bxc5 Qxc5+ 33. Kg2 Bd6 34. Qb3 b5 35. Nc6 Ng7 36. Nd4 Nf5 37. Ne6 Qc4 38. Qxc4 bxc4 39. Bg5 h6 40. Bf4 Bxf4 41. Nxf4 g5 42. Ne6 Ne3+ 43. Kg3 Nxd5 44. Nc5 Nxc3 45. Nxa6 Na2 46. Nc5 c3 47. h4 c2 48. Nd3 gxh4+ 49. Kxh4 c1Q 50. Nxc1 Nxc1 0-1

[Event "Milan Crespi op-A 34th"]
[Site "Milan"]
[Date "2013.12.08"]
[Round "7"]
[White "Montilli, Vincenzo"]
[Black "Mouflih, Caesar Faycal"]
[Result "1-0"]
[WhiteElo "2039"]
[BlackElo "2026"]
[PlyCount "83"]
[EventDate "2013.12.04"]
[EventType "swiss"]
[EventRounds "7"]
[EventCountry "ITA"]
[SourceTitle "EXT 2024"]
[Source "ChessBase"]
[SourceDate "2023.10.10"]
[SourceVersion "1"]
[SourceVersionDate "2023.10.10"]
[SourceQuality "1"]

1. d4 c6 2. c4 Nf6 3. Nc3 d5 4. Nf3 g6 5. Bf4 Bg7 6. cxd5 Nxd5 7. Nxd5 Qxd5 8. e3 Bg4 9. Be2 Qa5+ 10. Qd2 Qxd2+ 11. Nxd2 Bxe2 12. Kxe2 Nd7 13. Nc4 Nb6 14. Na5 Nd5 15. Bg3 f5 16. Rhd1 0-0-0 17. Nb3 f4 18. Bxf4 Nxf4+ 19. exf4 Rhf8 20. g3 Rf6 21. Rd2 h6 22. h4 Rd5 23. Rc1 g5 24. fxg5 hxg5 25. hxg5 Rxg5 26. Rc5 Rgg6 27. d5 b6 28. Rxc6+ Rxc6 29. dxc6 Rxc6 30. Nd4 Rc1 31. b3 Rc5 32. f4 Rh5 33. Kf3 e5 34. Ne6 Bh8 35. Kg4 Rh1 36. Rd8+ Kb7 37. Kf5 exf4 38. gxf4 Bc3 39. Rd7+ Ka6 40. Nc7+ Ka5 41. a3 b5 42. Rd6 1-0

[Event "Milan Crespi op-A 34th"]
[Site "Milan"]
[Date "2013.12.07"]
[Round "4"]
[White "Mouflih, Caesar Faycal"]
[Black "Di Lascio, Savino"]
[Result "1-0"]
[WhiteElo "2026"]
[BlackElo "1893"]
[PlyCount "61"]
[EventDate "2013.12.04"]
[EventType "swiss"]
[EventRounds "7"]
[EventCountry "ITA"]
[SourceTitle "EXT 2024"]
[Source "ChessBase"]
[SourceDate "2023.10.10"]
[SourceVersion "1"]
[SourceVersionDate "2023.10.10"]
[SourceQuality "1"]

1. e4 c6 2. d4 d5 3. Nc3 dxe4 4. Nxe4 Nf6 5. Nxf6+ gxf6 6. c3 Bf5 7. Nf3 e6 8. g3 Qd5 9. Bg2 Qb5 10. Qb3 Bd3 11. Qxb5 Bxb5 12. Bf4 Nd7 13. a4 Bc4 14. Nd2 Bd3 15. a5 a6 16. 0-0-0 0-0-0 17. Rhe1 h5 18. h4 c5 19. Ne4 Bxe4 20. Bxe4 cxd4 21. Rxd4 e5 22. Rc4+ Kb8 23. Be3 Bd6 24. Rd1 Bc7 25. Rb4 Bxa5 26. Rxb7+ Kc8 27. Rd6 Nb8 28. Rxf6 Rd7 29. Rxf7 Rhd8 30. Rbxd7 Nxd7 31. Bf5 1-0

[Event "Milan Crespi op-A 34th"]
[Site "Milan"]
[Date "2013.12.06"]
[Round "3"]
[White "Miracola, Giorgia"]
[Black "Mouflih, Caesar Faycal"]
[Result "0-1"]
[WhiteElo "1866"]
[BlackElo "2026"]
[PlyCount "72"]
[EventDate "2013.12.04"]
[EventType "swiss"]
[EventRounds "7"]
[EventCountry "ITA"]
[SourceTitle "EXT 2024"]
[Source "ChessBase"]
[SourceDate "2023.10.10"]
[SourceVersion "1"]
[SourceVersionDate "2023.10.10"]
[SourceQuality "1"]

1. e4 d6 2. d4 Nf6 3. Nc3 g6 4. f4 Bg7 5. Nf3 c6 6. a4 a5 7. Be2 Na6 8. 0-0 0-0 9. h3 Nb4 10. Be3 Qc7 11. Qd2 Bd7 12. e5 Nfd5 13. Nxd5 Nxd5 14. Bf2 Bh6 15. Bg3 Qb6 16. c3 f6 17. Kh1 fxe5 18. dxe5 Nxf4 19. exd6 exd6 20. Bf2 Qc7 21. Bc4+ d5 22. Bb3 Rae8 23. Rae1 Qc8 24. Rxe8 Rxe8 25. Be3 Rxe3 26. Qxe3 Bxh3 27. Nh4 Qg4 28. gxh3 Qxh4 29. Rf3 g5 30. Rg3 Kf7 31. Qf3 Kf6 32. Bc2 Bf8 33. Kh2 Bd6 34. Rg4 Qe1 35. Rg1 Qd2+ 36. Rg2 Qxg2+ 0-1

[Event "Milan Crespi op-A 34th"]
[Site "Milan"]
[Date "2013.12.04"]
[Round "1"]
[White "Paganini, Andrea"]
[Black "Mouflih, Caesar Faycal"]
[Result "1-0"]
[WhiteElo "1878"]
[BlackElo "2026"]
[PlyCount "69"]
[EventDate "2013.12.04"]
[EventType "swiss"]
[EventRounds "7"]
[EventCountry "ITA"]
[SourceTitle "EXT 2024"]
[Source "ChessBase"]
[SourceDate "2023.10.10"]
[SourceVersion "1"]
[SourceVersionDate "2023.10.10"]
[SourceQuality "1"]

1. e4 e5 2. Nf3 Nc6 3. Nc3 Nf6 4. g3 d5 5. exd5 Nxd5 6. Bg2 Nxc3 7. bxc3 Bd6 8. d3 Ne7 9. 0-0 0-0 10. Re1 f6 11. Rb1 c6 12. d4 Ng6 13. h4 exd4 14. cxd4 Qc7 15. c4 Bf5 16. Rb3 Rfe8 17. Rbe3 Rxe3 18. Rxe3 Rd8 19. Qe2 Qf7 20. h5 Nf8 21. c5 Bb8 22. Re7 Qxh5 23. Rxg7+ Kxg7 24. Qe7+ Qf7 25. Bh6+ Kg8 26. Qxd8 Bc7 27. Qa8 Ba5 28. d5 Bd7 29. Nd4 Qe8 30. Qxb7 Bc3 31. Nf3 Kf7 32. dxc6 Qc8 33. Qb3+ Be6 34. Qxc3 Qxc6 35. Ne5+ 1-0

[Event "Vimercate Weekend 8th"]
[Site "Vimercate"]
[Date "2013.11.23"]
[Round "3"]
[White "Naumkin, Igor"]
[Black "Mouflih, Caesar Faycal"]
[Result "1-0"]
[WhiteElo "2460"]
[BlackElo "2024"]
[PlyCount "65"]
[EventDate "2013.11.22"]
[EventType "swiss"]
[EventRounds "5"]
[EventCountry "ITA"]
[SourceTitle "EXT 2024"]
[Source "ChessBase"]
[SourceDate "2023.10.10"]
[SourceVersion "1"]
[SourceVersionDate "2023.10.10"]
[SourceQuality "1"]

1. d4 d6 2. Nf3 g6 3. e4 Nf6 4. Nc3 Bg7 5. Be2 c6 6. 0-0 0-0 7. a4 a5 8. Re1 Na6 9. h3 Nb4 10. Bf1 e5 11. Bg5 exd4 12. Nxd4 Qb6 13. Qd2 Nd7 14. Be3 Nc5 15. Rad1 Qc7 16. Bh6 Bxh6 17. Qxh6 Ne6 18. Nce2 Qe7 19. Qd2 Na6 20. Nxe6 Bxe6 21. Ng3 Nc5 22. b3 Rfd8 23. Qc3 Qg5 24. e5 h5 25. exd6 h4 26. Ne4 Nxe4 27. Rxe4 Bf5 28. Re3 Rd7 29. Bc4 Qh5 30. Rde1 Rf8 31. Re8 Rxd6 32. Bxf7+ Kxf7 33. R1e7+ 1-0

[Event "Milan Crespi op-B 33rd"]
[Site "Milan"]
[Date "2012.12.08"]
[Round "5"]
[White "Pepe, Mario"]
[Black "Mouflih, Caesar Faycal"]
[Result "0-1"]
[WhiteElo "1993"]
[BlackElo "1982"]
[PlyCount "90"]
[EventDate "2012.12.05"]
[EventType "swiss"]
[EventRounds "7"]
[EventCountry "ITA"]
[SourceTitle "EXT 2015"]
[Source "ChessBase"]
[SourceDate "2014.11.20"]
[SourceVersion "1"]
[SourceVersionDate "2014.11.20"]
[SourceQuality "1"]

1. e4 c6 2. d4 d5 3. Nc3 dxe4 4. Nxe4 Bf5 5. Ng3 Bg6 6. Nf3 Nd7 7. h4 h6 8. h5 Bh7 9. Bd3 Bxd3 10. Qxd3 Qc7 11. Bd2 e6 12. 0-0-0 Ngf6 13. Kb1 0-0-0 14. c4 Bd6 15. Ne4 Nxe4 16. Qxe4 Nf6 17. Qe1 Qe7 18. Bc3 Ng4 19. Qe2 f5 20. Nh4 Rhe8 21. f3 Nf6 22. Ng6 Qf7 23. g4 Nh7 24. Rd3 Ng5 25. Be1 e5 26. Nxe5 Qxc4 27. Nxc4 Rxe2 28. Nxd6+ Rxd6 29. Bg3 Rd5 30. Rhd1 fxg4 31. fxg4 Ne4 32. Bh4 Kd7 33. Re1 Rxe1+ 34. Bxe1 Nf6 35. Rf3 Ke6 36. Re3+ Kf7 37. Bb4 Rd7 38. Rf3 Rxd4 39. Bc5 Rxg4 40. Bxa7 Rg5 41. b4 Rxh5 42. Bc5 Rd5 43. Kc2 g5 44. Re3 Rd7 45. Kc3 Nd5+ 0-1

[Event "Milan Crespi op-B 30th"]
[Site "Milan"]
[Date "2009.12.04"]
[Round "1"]
[White "Virzi, Ettore"]
[Black "Mouflih, Caesar Faycal"]
[Result "1-0"]
[WhiteElo "1974"]
[BlackElo "1843"]
[PlyCount "145"]
[EventDate "2009.12.04"]
[EventType "swiss"]
[EventRounds "7"]
[EventCountry "ITA"]
[SourceTitle "EXT 2012"]
[Source "ChessBase"]
[SourceDate "2011.11.24"]
[SourceVersion "1"]
[SourceVersionDate "2011.11.24"]
[SourceQuality "1"]

1. e4 e5 2. Nf3 Nc6 3. Bb5 a6 4. Ba4 Nf6 5. 0-0 b5 6. Bb3 Be7 7. Re1 0-0 8. h3 d6 9. c3 Na5 10. Bc2 c5 11. d4 cxd4 12. cxd4 Qc7 13. Nbd2 Nc6 14. Nb3 a5 15. Be3 Nb4 16. Bb1 a4 17. Nbd2 Ba6 18. a3 Nc6 19. Bd3 Rfc8 20. Rc1 Qd7 21. Qe2 Rab8 22. b3 exd4 23. Nxd4 Nxd4 24. Bxd4 Rxc1 25. Rxc1 axb3 26. Nxb3 Qe6 27. Nd2 d5 28. e5 Nd7 29. a4 Nf8 30. axb5 Bb7 31. Nb3 f6 32. exf6 Qxe2 33. Bxe2 gxf6 34. Ba7 Rc8 35. Rxc8 Bxc8 36. Nd4 Kf7 37. Bf3 Bb7 38. Kf1 Nd7 39. Bg4 Ne5 40. Be6+ Ke8 41. Bf5 h5 42. f4 Nf7 43. Bg6 h4 44. Nf5 Bb4 45. Nxh4 Kf8 46. Nf3 Nd6 47. Bd3 Nc4 48. Kf2 Ke7 49. Nd4 Nb2 50. Be2 Na4 51. Nc6+ Bxc6 52. bxc6 Kd6 53. Bd4 Bc3 54. Ke3 Kxc6 55. Bxc3 Nxc3 56. Bd3 Kd6 57. g4 Nd1+ 58. Kf3 Nb2 59. Ke2 Na4 60. h4 Nc5 61. h5 Ke7 62. Ke3 Kf7 63. Bf5 Nb3 64. Kd3 Nc1+ 65. Kd2 Nb3+ 66. Kc3 Nc1 67. Bd3 Na2+ 68. Kd4 Nb4 69. Bf5 Nc6+ 70. Kxd5 Ne7+ 71. Kd6 Ng8 72. Be6+ Kg7 73. Bxg8 1-0

[Event "Milan Palladino Memorial"]
[Site "Milan"]
[Date "2009.04.13"]
[Round "5"]
[White "Lavric, Mihail"]
[Black "Mouflih, Caesar Faycal"]
[Result "1-0"]
[WhiteElo "1984"]
[BlackElo "1600"]
[PlyCount "97"]
[EventDate "2009.04.10"]
[EventType "swiss"]
[EventRounds "6"]
[EventCountry "ITA"]
[SourceTitle "EXT 2011"]
[Source "ChessBase"]
[SourceDate "2010.11.26"]
[SourceVersion "1"]
[SourceVersionDate "2010.11.26"]
[SourceQuality "1"]

1. d4 d5 2. c4 c6 3. Nf3 Nf6 4. e3 e6 5. Nc3 Nbd7 6. Bd3 dxc4 7. Bxc4 b5 8. Bd3 a6 9. 0-0 c5 10. b3 Bb7 11. Bb2 Be7 12. Rc1 0-0 13. Qe2 Rc8 14. Rfd1 Bxf3 15. Qxf3 cxd4 16. exd4 Nb6 17. Qb7 Ra8 18. Qf3 Nbd5 19. Nxd5 Nxd5 20. Be4 Rc8 21. Rxc8 Qxc8 22. Rc1 Qd7 23. Bxd5 exd5 24. Qc3 Bg5 25. Qc6 Qe7 26. Rf1 Qe6 27. Qxe6 fxe6 28. Ba3 Rf4 29. Bc5 Re4 30. a4 bxa4 31. bxa4 Bf6 32. Rd1 Re2 33. a5 Bd8 34. Kf1 Ra2 35. Rb1 Bxa5 36. Rb8+ Kf7 37. Rb7+ Kf6 38. Bd6 Bd2 39. Be5+ Kf5 40. f3 h5 41. Rxg7 Bg5 42. g3 a5 43. h3 Ra1+ 44. Ke2 Ra2+ 45. Kd1 Ra1+ 46. Kc2 Ra2+ 47. Kb1 Rg2 48. g4+ Rxg4 49. fxg4+ 1-0

[Event "Milan Palladino Memorial"]
[Site "Milan"]
[Date "2009.04.11"]
[Round "3"]
[White "Mouflih, Caesar Faycal"]
[Black "Bemporad, Filippo"]
[Result "1/2-1/2"]
[WhiteElo "1600"]
[BlackElo "2100"]
[PlyCount "119"]
[EventDate "2009.04.10"]
[EventType "swiss"]
[EventRounds "6"]
[EventCountry "ITA"]
[SourceTitle "EXT 2011"]
[Source "ChessBase"]
[SourceDate "2010.11.26"]
[SourceVersion "1"]
[SourceVersionDate "2010.11.26"]
[SourceQuality "1"]

1. e4 c5 2. Nf3 d6 3. d4 cxd4 4. Nxd4 Nf6 5. Nc3 e6 6. Be2 Be7 7. 0-0 0-0 8. Be3 Nc6 9. f4 Qc7 10. Kh1 a6 11. Qe1 Nxd4 12. Bxd4 b5 13. e5 Ne8 14. Bf3 Bb7 15. Bxb7 Qxb7 16. Ne4 d5 17. Nc5 Qc8 18. b4 g6 19. Rf3 Ng7 20. g4 a5 21. a3 f5 22. g5 Qc6 23. Kg1 Nh5 24. Rd1 axb4 25. axb4 Kf7 26. Ra1 Rxa1 27. Qxa1 Ra8 28. Qb2 Rd8 29. Kf2 Bxc5 30. bxc5 Ra8 31. Ke3 Ra4 32. Rf1 Ke7 33. Rb1 b4 34. Ra1 Kd7 35. Rxa4 Qxa4 36. Qb3 Qxb3+ 37. cxb3 Kc6 38. Kf3 Ng7 39. Ke3 Ne8 40. Kd3 Nc7 41. Bf2 Nb5 42. Be3 Na7 43. Kd4 Kb5 44. Bf2 Nc6+ 45. Kd3 Na5 46. Kc2 Nc6 47. Kd3 Na7 48. Kd4 Kc6 49. Kd3 Nb5 50. Be3 Nc3 51. Bd4 Ne4 52. Be3 Nxc5+ 53. Kc2 Nb7 54. Kd3 Na5 55. Kc2 d4 56. Bxd4 Kd5 57. Bb6 Nc6 58. Kd3 Ne7 59. Bd8 Nc6 60. Bb6 1/2-1/2

[Event "Milan Palladino Memorial"]
[Site "Milan"]
[Date "2009.04.10"]
[Round "1"]
[White "Giacometto, Mario"]
[Black "Mouflih, Caesar Faycal"]
[Result "0-1"]
[WhiteElo "1974"]
[BlackElo "1600"]
[PlyCount "70"]
[EventDate "2009.04.10"]
[EventType "swiss"]
[EventRounds "6"]
[EventCountry "ITA"]
[SourceTitle "EXT 2011"]
[Source "ChessBase"]
[SourceDate "2010.11.26"]
[SourceVersion "1"]
[SourceVersionDate "2010.11.26"]
[SourceQuality "1"]

1. e4 e5 2. d4 exd4 3. c3 dxc3 4. Bc4 Nc6 5. Nxc3 Bb4 6. Nf3 Qe7 7. 0-0 Bxc3 8. bxc3 d6 9. e5 dxe5 10. Ng5 Nh6 11. Kh1 0-0 12. f4 Kh8 13. a4 Bg4 14. Qc2 Bf5 15. Qa2 exf4 16. Bxf4 Rae8 17. Bd2 Bg6 18. Bd5 Ng4 19. h3 Nge5 20. Rae1 Qd7 21. Bf4 h6 22. Ne4 Nd3 23. Bxh6 Bxe4 24. Rxe4 Rxe4 25. Bxg7+ Kxg7 26. Bxe4 Nde5 27. Qf2 Qd6 28. Qg3+ Ng6 29. Qf2 Nce5 30. Bxb7 Qb6 31. Qf5 Qxb7 32. Qf6+ Kg8 33. h4 Qc6 34. Qg5 Qc4 35. Qc1 Qxh4+ 0-1

[Event "Ceriano Laghetto op-B 18th"]
[Site "Ceriano Laghetto"]
[Date "2009.03.28"]
[Round "3"]
[White "Regorda, Vittorio"]
[Black "Mouflih, Caesar Faycal"]
[Result "0-1"]
[WhiteElo "1848"]
[BlackElo "1593"]
[PlyCount "60"]
[EventDate "2009.03.27"]
[EventType "swiss"]
[EventRounds "5"]
[EventCountry "ITA"]
[SourceTitle "EXT 2011"]
[Source "ChessBase"]
[SourceDate "2010.11.26"]
[SourceVersion "1"]
[SourceVersionDate "2010.11.26"]
[SourceQuality "1"]

1. d4 d5 2. Nf3 Nf6 3. c4 c6 4. Bf4 e6 5. e3 Bb4+ 6. Nbd2 Ne4 7. a3 Nxd2 8. Nxd2 Bd6 9. Bxd6 Qxd6 10. c5 Qc7 11. Nf3 Nd7 12. b4 e5 13. Be2 0-0 14. 0-0 f5 15. dxe5 Nxe5 16. Nd4 Bd7 17. Bh5 f4 18. exf4 Rxf4 19. g3 Rf6 20. f4 Raf8 21. Re1 Nc4 22. Re7 Qd8 23. Qe2 g6 24. Bf3 Re8 25. Re1 Qxe7 26. Qxe7 Rxe7 27. Rxe7 Rf7 28. Rxf7 Kxf7 29. a4 Nb2 30. a5 Nd3 0-1